States Of Mexico Flag Quiz - Statistics

General Stats
  • This quiz has been taken 79 times
  • The average score is 18 of 32
Answer Stats
Picture Answer % Correct
Aguascalientes
75%
Baja California
75%
Baja California Sur
71%
Yucatán
71%
Chihuahua
68%
Coahuila
64%
Durango
64%
Jalisco
64%
Sonora
64%
Veracruz
64%
Guerrero
61%
Campeche
57%
Hidalgo
57%
Oaxaca
57%
Sinaloa
57%
Zacatecas
57%
Chiapas
54%
México
54%
Nuevo León
54%
Colima
50%
Nayarit
50%
Puebla
50%
Tlaxcala
50%
Guanajuato
46%
Mexico City
46%
Michoacán
46%
Tabasco
46%
Querétaro
43%
Quintana Roo
43%
Tamaulipas
43%
Morelos
39%
San Luis Potosí
36%
No matching quizzes found
Score Distribution
Percent of People with Each Score
Percentile by Number Answered
Your Score History
You have not taken this quiz